Catálogo

SANTAGOSTINO (Registro nro. 46735)

Detalles MARC
000 -LEADER
fixed length control field 00854nam a2200193 a 4500
001 - CONTROL NUMBER
control field 46735
005 - DATE AND TIME OF LATEST TRANSACTION
control field 20180714030422.0
008 - FIXED-LENGTH DATA ELEMENTS--GENERAL INFORMATION
fixed length control field 140415s1991 it 000 0 ita d
041 ## - LANGUAGE CODE
Language code of text/sound track or separate title ita
082 ## - DEWEY DECIMAL CLASSIFICATION NUMBER
Classification number 195
Item number OPE
100 1# - MAIN ENTRY--PERSONAL NAME
Personal name SCIACCA, MICHELE FEDERICO
245 10 - TITLE STATEMENT
Title SANTAGOSTINO
250 ## - EDITION STATEMENT
Edition statement 1a ed.
260 ## - PUBLICATION, DISTRIBUTION, ETC.
Place of publication, distribution, etc. ITALIA :
Name of publisher, distributor, etc. LEPOS,
Date of publication, distribution, etc. 1991
300 ## - PHYSICAL DESCRIPTION
Extent 262
Dimensions 14 x 3.6 x 22.5
490 ## - SERIES STATEMENT
Series statement OPERE DI MICHELE FEDERICO SCIACCA
520 ## - SUMMARY, ETC.
Summary, etc. NEGLI ANNI IN CUI EN LA GUERRA FERIVA, UCCIDEVA, SCONVOLGEVA E DISTRUGEVA, I MIEI CORSI DI STORIA DELLA FILOSOFIA, CONTEMPORANEAMENTE NELLE DUE UNIVERSITÁ DI PAVIA E DI GENOVA - TRANNE UNO SULL´ESISTENZIALISMO - EBBERO COME TEMI PLATONE, AGOSTINO, PASCAL, ROSMINI. I DUE ANNI IMMEDIATAMENTE SUCCESSIVI ALLA FINE DEL CONFLITTO LI DEDICAI A PLOTINO.
650 14 - SUBJECT ADDED ENTRY--TOPICAL TERM
Topical term or geographic name entry element FILOSOFIA ANTIGUA
General subdivision FILOSOFOS
Existencias
Withdrawn status Lost status Source of classification or shelving scheme Damaged status Not for loan Collection code Home library Current library Shelving location Date acquired Source of acquisition Inventory number Total Checkouts Full call number Barcode Date last seen Price effective from Koha item type
    Dewey Decimal Classification     General Biblioteca Karol Wojtyla Biblioteca Karol Wojtyla Sala general 03/12/2013 Compra 151000000000000000062441   195 OPE 70098 05/01/2026 03/12/2013 Libro